Razón, Crítica y sociedad
El problema central abordado consiste en la relación conocimiento-acción e individuo-sociedad a partir de una determinada concepción de la “racionalidad” y desde una actitud “crítica”, según varios autores entre Max Weber y la Escuela de Frankfurt. Los principales temas que se desarrollan son la rac...
Guardado en:
| Hovedforfatter: | |
|---|---|
| Format: | Bog |
| Sprog: | Undetermined |
| Udgivet: |
Barcelona, España
Promociones Publicaciones Universitarias
1985
|
| Fag: | |
| Tags: |
Tilføj Tag
Ingen Tags, Vær først til at tagge denne postø!
|
MARC
| LEADER | 00000nam a2200000Ia 4500 | ||
|---|---|---|---|
| 008 | 170316s9999 xx 000 0 und d | ||
| 040 | |a cru BVZT | ||
| 090 | |a 100 B-48.2r | ||
| 100 | |a Boladeras, Margarita |9 1295 | ||
| 245 | |a Razón, Crítica y sociedad |c / Margarita Boladeras | ||
| 260 | |a Barcelona, España |b Promociones Publicaciones Universitarias |c 1985 | ||
| 300 | |a 345 páginas | ||
| 520 | |a El problema central abordado consiste en la relación conocimiento-acción e individuo-sociedad a partir de una determinada concepción de la “racionalidad” y desde una actitud “crítica”, según varios autores entre Max Weber y la Escuela de Frankfurt. Los principales temas que se desarrollan son la racionalización de la vida, el empirismo lógico del círculo de Viena, el racionalismo crítico de Karl Popper y el de Hans Albert, la teoría crítica, la dialéctica negativa y estética, la teoría de la acción comunicativa, el positivismo en la sociología alemana, la disputa Kuhn-Popper y la filosofía hermenéutica ante las críticas de Habermas y Albert | ||
| 650 | |a FILOSOFÍA |9 5 | ||
| 999 | |c 15743 |d 15743 | ||
| 942 | |c 15 D |h 100 B-48.2r |2 z | ||
